000 00656nam a2200265Ia 4500
005 20260121161400.0
008 008 260114s9999 xx 000 0 eng d
020 _a9781315638706
037 _aEBOOK
040 _aCRL
040 _beng
040 _cCRL
041 _2eng
041 _aeng
084 _qCRL
100 _aHistory and Ethnicity
_91043881
245 0 _aElizabeth Tonkin; Maryon McDonald; Malcolm Chapman
260 _bTaylor and Francis
260 _c1989
650 _aHistory
_91043882
856 _uhttp://www.taylorfrancis.com/books/9781315638706
942 _cEBOOK
999 _c1610346
_d1610346